ბათუმის შოთა რუსთაველის სახელმწიფო უნივერსიტეტის ბიბლიოთეკა

ჭოროხი : (ბიბ.ჩანაწერი № 57997)

000 -LEADER
fixed length control field 00820nam a22001817a 4500
005 - DATE AND TIME OF LATEST TRANSACTION
control field 20210419180854.0
008 - FIXED-LENGTH DATA ELEMENTS--GENERAL INFORMATION
fixed length control field 210419c2017 ge ||||| |||| 00| 0 geo d
022 ## - INTERNATIONAL STANDARD SERIAL NUMBER
International Standard Serial Number 0134-3459
041 ## - LANGUAGE CODE
Language code of text/sound track or separate title geo
245 ## - TITLE STATEMENT
Title ჭოროხი :
Remainder of title 2017 : ლიტერატურულ-სამხატვრო და საზოგადოებრივ ჟურნალი / /
Statement of responsibility, etc. მთავარი რედაქტორი სანდრო ბერიძე.
260 ## - PUBLICATION, DISTRIBUTION, ETC.
Place of publication, distribution, etc. ბათუმი,
Name of publisher, distributor, etc.
Date of publication, distribution, etc. 1958 -
300 ## - PHYSICAL DESCRIPTION
Extent v.
653 ## - INDEX TERM--UNCONTROLLED
Uncontrolled term პერიოდიკა
653 ## - INDEX TERM--UNCONTROLLED
Uncontrolled term ჭოროხი
700 ## - ADDED ENTRY--PERSONAL NAME
Personal name ბერიძე, სანდრო
Relator term მთავარი რედაქტორი
9 (RLIN) 4725
710 ## - ADDED ENTRY--CORPORATE NAME
Corporate name or jurisdiction name as entry element აჭარის მწერალთა სახლი
9 (RLIN) 11446
942 ## - ADDED ENTRY ELEMENTS (KOHA)
Source of classification or shelving scheme
Koha item type პერიოდიკა
ეგზემპლარები
Withdrawn status Lost status Source of classification or shelving scheme Damaged status Not for loan Permanent Location Current Location Date acquired Serial Enumeration / chronology Barcode Date last seen Copy number Price effective from Koha item type
        შიდა ფონდი ბათუმის შოთა რუსთაველის სახელმწიფო უნივერსიტეტის მთავარი ბიბლიოთეკა ბათუმის შოთა რუსთაველის სახელმწიფო უნივერსიტეტის მთავარი ბიბლიოთეკა 2021-04-19 # 3მაისი- ივნისი (2017) p 80789 2021-04-19 p 80789 2021-04-19 პერიოდიკა
        შიდა ფონდი ბათუმის შოთა რუსთაველის სახელმწიფო უნივერსიტეტის მთავარი ბიბლიოთეკა ბათუმის შოთა რუსთაველის სახელმწიფო უნივერსიტეტის მთავარი ბიბლიოთეკა 2021-04-19 # 4 ივლისი-აგვისტო (2017 p 80790 2021-04-19 p 80790 2021-04-19 პერიოდიკა
        შიდა ფონდი ბათუმის შოთა რუსთაველის სახელმწიფო უნივერსიტეტის მთავარი ბიბლიოთეკა ბათუმის შოთა რუსთაველის სახელმწიფო უნივერსიტეტის მთავარი ბიბლიოთეკა 2021-04-19 # 5 სექტემბერი- ოქტომბერი (2017) p 80791 2021-04-19 p 80791 2021-04-19 პერიოდიკა
        შიდა ფონდი ბათუმის შოთა რუსთაველის სახელმწიფო უნივერსიტეტის მთავარი ბიბლიოთეკა ბათუმის შოთა რუსთაველის სახელმწიფო უნივერსიტეტის მთავარი ბიბლიოთეკა 2021-04-19 # 6 ნოემბერი - დეკემბერი (2017) p 80792 2021-04-19 p 80792 2021-04-19 პერიოდიკა